Planeacin̤ estratǧica de la cadena de suministro

Uloženo v:
Podrobná bibliografie
Další autoři: Canal David Gonzl̀ez / YouTube
Médium: Kniha
Jazyk:španělština
Témata:
On-line přístup:Planeacin̤ estratǧica de la cadena de suministro
Tagy: Přidat tag
Žádné tagy, Buďte první, kdo vytvoří štítek k tomuto záznamu!

MARC

LEADER 00000nam a22000004a 4500
001 vpro9891
005 20201223000000.0
008 160430s2016 ck # g## #001 0#spa#d
020
022
040 |a CO-BoINGC 
041 0 |a spa 
245 1 0 |a Planeacin̤ estratǧica de la cadena de suministro 
246 |a Strategic Planning of Supply Chains 
264 |a Bogot ̀(Colombia) :  |b Revista VirtualPRO,  |c 2016 
520 3
650 \ \ |a LogƯ̕stica 
650 \ \ |a Logistics 
650 \ \ |a logs̕tica 
650 \ \ |a cadena de suministro 
650 \ \ |a gestin̤ de cadena de suministro 
650 \ \ |a logistics 
650 \ \ |a supply chain 
650 \ \ |a supply chain management  
700 \ \ |a Canal David Gonzl̀ez / YouTube 
856 |z Planeacin̤ estratǧica de la cadena de suministro  |u https://virtualpro.unach.elogim.com/biblioteca/planeacion-estrategica-de-la-cadena-de-suministro